Obálka Náhled e-knihy:
PDF
Pro půjčování e-knih musíte být přihlášeni.
Jak si půjčit online?

Vstúp, je to dôležité! /

Bente je hrdina, no nikto o tom nevie. Pretože len on vidí záhadné dvere, ktoré sa zjavujú z ničoho nič. Napriek tomu, keď sa zas objavia, neváha a trúfne si vstúpiť... Za dverami dostane ostré varovanie: Na školskom výlete sa stane niečo strašné! A je len na Bentem, aby zachránil svoju triedu pred...

Celý popis

Uloženo v:
Hlavní autor: CBrezina, Thomas (Autor)
Médium: E-kniha
Jazyk:Czech
Vydáno: Praha : Albatros Media Slovakia s.r.o., 2025
Tagy:
Žádné tagy
LEADER 01298nam a22002297i 4500
001 302689
007 ta
008 260514s2025 xr ||||| |||| 00| 0 cze d
020 |a 9788056647639 
044 |a xr 
100 1 |a  CBrezina, Thomas  |4 aut 
245 1 0 |a Vstúp, je to dôležité! /  |c  CBrezina, Thomas 
240 1 0 |a Tritt ein, du wirst gebraucht! 
264 1 |a Praha :  |b Albatros Media Slovakia s.r.o.,  |c 2025 
300 |a 1 online zdroj (224 stran) 
336 |a text  |b txt  |2 rdacontent 
337 |a bez média  |b n  |2 rdamedia 
338 |a online zdroj  |b cr  |2 rdacarrier 
520 2 |a Bente je hrdina, no nikto o tom nevie. Pretože len on vidí záhadné dvere, ktoré sa zjavujú z ničoho nič. Napriek tomu, keď sa zas objavia, neváha a trúfne si vstúpiť... Za dverami dostane ostré varovanie: Na školskom výlete sa stane niečo strašné! A je len na Bentem, aby zachránil svoju triedu pred hroznou katastrofou. 
910 |a RBIT002 
998 |d 426946  |a https://core.palmknihy.cz/api/books/426946/cover?tesghx  |b https://core.palmknihy.cz/api/books/426946/cover/400?tesghx  |c https://core.palmknihy.cz/api/books/426946/cover/50?tesghx  |e 2029-08-08  |g 224  |i 9788056647639  |k https://core.palmknihy.cz/api/books/426946/preview.pdf  |l   |q 49  |r 1  |s https://www.palmknihy.cz/kniha/426946  |t ebook  |y 2025  |z 1 
999 |d 302687